Christianity and property / (Record no. 50788)
[ view plain ]
| 000 -LEADER | |
|---|---|
| fixed length control field | 01381cam a2200277I 4500 |
| 001 - CONTROL NUMBER | |
| control field | 2313227 |
| 003 - CONTROL NUMBER IDENTIFIER | |
| control field | SIRSI |
| 005 - DATE AND TIME OF LATEST TRANSACTION | |
| control field | 20211213130902.0 |
| 008 - FIXED-LENGTH DATA ELEMENTS--GENERAL INFORMATION | |
| fixed length control field | 760715s1947 pau b 101 0 eng |
| 010 ## - LIBRARY OF CONGRESS CONTROL NUMBER | |
| LC control number | 47003288 |
| 035 ## - SYSTEM CONTROL NUMBER | |
| System control number | (Sirsi) o02313227 |
| 040 ## - CATALOGING SOURCE | |
| Original cataloging agency | DLC |
| Transcribing agency | BAN |
| Modifying agency | m.c. |
| -- | TSW |
| 049 ## - LOCAL HOLDINGS (OCLC) | |
| Holding library | TSWB |
| Copy statement | 1, 2 |
| 245 10 - TITLE STATEMENT | |
| Title | Christianity and property / |
| Statement of responsibility, etc | edited by Joseph F. Fletcher. |
| 260 ## - PUBLICATION, DISTRIBUTION, ETC. (IMPRINT) | |
| Place of publication, distribution, etc | Philadelphia : |
| Name of publisher, distributor, etc | The Westminster Press, |
| Date of publication, distribution, etc | [1947] |
| 300 ## - PHYSICAL DESCRIPTION | |
| Extent | 221 pages ; |
| Dimensions | 21 cm. |
| 336 ## - CONTENT TYPE | |
| Content Type Term | text |
| 337 ## - MEDIA TYPE | |
| Media Type Term | unmediated |
| 338 ## - CARRIER TYPE | |
| Carrier Type Term | volume |
| 500 ## - GENERAL NOTE | |
| General note | "Each chapter was read first as a paper at the second annual Conference on Christian social teachings at the Episcopal Theological School in Cambridge, Massachusetts, November 16 and 17, 1945."--Editor's pref. |
| 504 ## - BIBLIOGRAPHY, ETC. NOTE | |
| Bibliography, etc | Includes bibliographical references (pages 205-213) and indexes. |
| 505 0# - FORMATTED CONTENTS NOTE | |
| Formatted contents note | Old Testament foundations, by C. L. Taylor.--New Testament teaching, by R. S. M. Emrich.--The way of the early church, by E. R. Hardy.--The middle ages, by F. H. Smyth.--The standpoint of the reformation, by P. L. Lehmann.--Anglican thought on property, by V. D. Scudder.--The significance of capitalism, by C. D. Kean.--A theological perspective, by J. F. Fletcher.--References (p. [205]-213) |
| 650 #0 - SUBJECT ADDED ENTRY--TOPICAL TERM | |
| Topical term or geographic name as entry element | Christianity |
| General subdivision | Economic aspects. |
| 700 ## - ADDED ENTRY--PERSONAL NAME | |
| Personal name | Fletcher, Joseph F. |
| Relator term | editor |
| 942 ## - ADDED ENTRY ELEMENTS (KOHA) | |
| Source of classification or shelving scheme | Library of Congress Classification |
| Item type | Books |
| Withdrawn status | Lost status | Source of classification or shelving scheme | Damaged status | Not for loan | Home library | Current library | Shelving location | Date acquired | Source of acquisition | Inventory number | Total Checkouts | Full call number | Barcode | Date last seen | Price effective from | Koha item type |
|---|---|---|---|---|---|---|---|---|---|---|---|---|---|---|---|---|
| Library of Congress Classification | BSOP Library | BSOP Library | GC | 12/13/2021 | Archives | 19333 | BR115.E3 C46 1947 | 00020448 | 12/13/2021 | 12/13/2021 | Books |
